Which war did it happen? - Statistics

General Stats
  • This quiz has been taken 38 times
  • The average score is 6 of 9
Answer Stats
Disaster War % Correct
Holoaust World War II
100%
Pearl Harbor Bombing World War II
100%
Burning of Louvain World War I
94%
No Gun Ri Massacre Korean War
76%
Seoul National University Hospital Massacre Korean War
76%
My Lai Massacre Vietnam War
76%
Fort Pillow Massacre American Civil War
56%
Boston Massacre American Revolutionary War/American War of Independence
32%
Darfur Genocide Western Sudanese Conflict
6%
No matching quizzes found
Score Distribution
Percent of People with Each Score
Percentile by Number Answered
Your Score History
You have not taken this quiz